<?xml version="1.0" encoding="UTF-8"?>
<collection xmlns="http://www.loc.gov/MARC21/slim">
 <record>
  <leader>02613nam a2200361   4500</leader>
  <controlfield tag="001">DLU100113910</controlfield>
  <controlfield tag="005">##20101208</controlfield>
  <datafield tag="040" ind1="#" ind2="#">
   <subfield code="a">DLU</subfield>
   <subfield code="b">vie</subfield>
  </datafield>
  <datafield tag="041" ind1="#" ind2="#">
   <subfield code="a">vie</subfield>
  </datafield>
  <datafield tag="044" ind1="#" ind2="#">
   <subfield code="a">vn</subfield>
  </datafield>
  <datafield tag="082" ind1="#" ind2="#">
   <subfield code="a">330.95</subfield>
   <subfield code="b">ST-J</subfield>
  </datafield>
  <datafield tag="100" ind1="#" ind2="#">
   <subfield code="a">Stiglitz, Joseph E.</subfield>
  </datafield>
  <datafield tag="245" ind1="#" ind2="#">
   <subfield code="a">Nhìn lại sự thần kỳ của các nước Đông Á /</subfield>
   <subfield code="c">Joseph E. Stiglitz, Shahid Yusuf; Huỳnh Văn Thanh biên dịch.</subfield>
  </datafield>
  <datafield tag="260" ind1="#" ind2="#">
   <subfield code="a">H. :</subfield>
   <subfield code="b">Từ điển Bách khoa,</subfield>
   <subfield code="c">2009.</subfield>
  </datafield>
  <datafield tag="300" ind1="#" ind2="#">
   <subfield code="a">669 tr. ;</subfield>
   <subfield code="c">21 cm.</subfield>
  </datafield>
  <datafield tag="505" ind1="#" ind2="#">
   <subfield code="a">Chương 1. Sự thần kỳ của Đông Á trong thiên niên kỷ -- Chương 2. Phát triển, khủng hoảng và tương lại khôi phục kinh tế ở Đông Á -- Chương 3. Biến chuyển công nghệ và sự phát triển ở Đông Á : Quan điểm vĩ mô và vi mô -- Chương 4. Công nghiệp hoá nông thôn của Trung Quốc trong bối cảnh sự thần kỳ của Đông Á.</subfield>
  </datafield>
  <datafield tag="505" ind1="#" ind2="#">
   <subfield code="a">Chương 5. Sau khủng hoảng, bản vị đôla của Đông Á được phục hồi: Một sự giải thích về sự cố định hoá hối suất cao tần -- Chương 6. Chính sách công nghiệp và tài chính ở Trung Quốc và Việt Nam: Một mô hình mới hay sự tái diễn kinh nghiệm của Đông Á? -- Chương 7. Kiểm soát nhà nước trong quản lý hoạt động của các công ty với tư cách một định chế quá độ: Các bài học từ Trung Quốc -- Chương 8. Quan hệ công ty - chính quyền ở nước Nhật thời hậu chiến: Sự thành công và thất bại cảu chủ nghĩa đa nguyên hành chính.</subfield>
  </datafield>
  <datafield tag="505" ind1="#" ind2="#">
   <subfield code="a">Chương 9. Mở đầu về sự thần kỳ: Nhà nước và cải cách khu vực doanh nghiệp tại Hàn Quốc -- Chương 10. Thương mại và phát triển: Định hướng theo nhập khẩu hay xuất khẩu? Bằng chứng từ Nhật Bản và Hàn Quốc -- Chương 11. Sự nảy sinh mối quan hệ FDI - mậu dịch và phát triển kinh tế tại Đông Á -- Chương 12. Nhìn lại vai trò của chính sách nhà nước tại Đông Nam Á -- Chương 13. Từ thần kỳ đến khủng hoảng rồi khôi phục: Các bài học từ bốn thập niên kinh nghiệm của Đông Á.</subfield>
  </datafield>
  <datafield tag="653" ind1="#" ind2="#">
   <subfield code="a">Đông Á</subfield>
  </datafield>
  <datafield tag="653" ind1="#" ind2="#">
   <subfield code="a">Phát triển kinh tế</subfield>
  </datafield>
  <datafield tag="700" ind1="#" ind2="#">
   <subfield code="a">Huỳnh Văn Thanh,</subfield>
   <subfield code="e">biên dịch.</subfield>
  </datafield>
  <datafield tag="700" ind1="#" ind2="#">
   <subfield code="a">Yusuf, Shahid.</subfield>
  </datafield>
  <datafield tag="923" ind1="#" ind2="#">
   <subfield code="a">10/2010</subfield>
  </datafield>
  <datafield tag="991" ind1="#" ind2="#">
   <subfield code="a">SH</subfield>
  </datafield>
  <datafield tag="992" ind1="#" ind2="#">
   <subfield code="a">117000</subfield>
  </datafield>
  <datafield tag="994" ind1="#" ind2="#">
   <subfield code="a">DLU</subfield>
  </datafield>
  <datafield tag="900" ind1="#" ind2="#">
   <subfield code="a">True</subfield>
  </datafield>
  <datafield tag="911" ind1="#" ind2="#">
   <subfield code="a">Đào Thị Thu Huyền</subfield>
  </datafield>
  <datafield tag="925" ind1="#" ind2="#">
   <subfield code="a">G</subfield>
  </datafield>
  <datafield tag="926" ind1="#" ind2="#">
   <subfield code="a">A</subfield>
  </datafield>
  <datafield tag="927" ind1="#" ind2="#">
   <subfield code="a">SH</subfield>
  </datafield>
  <datafield tag="980" ind1="#" ind2="#">
   <subfield code="a">Thư viện Trường Đại học Đà Lạt</subfield>
  </datafield>
 </record>
</collection>
